Vincitori Nuove Proposte Festival di Sanremo - Statistics

Statistiche generali
  • Questo quiz è stato fatto 50 volte
  • Il punteggio medio è 18 su 36
Statistiche sulle risposte
Anno Vincitore Canzone vincitrice % Corretto
1984 Eros Ramazzotti Terra promessa
97%
1993 Laura Pausini La solitudine
94%
2009 Arisa Sincerità
91%
2016 Francesco Gabbani Amen
88%
2018 Ultimo Il ballo delle incertezze
88%
2014 Rocco Hunt Nu juorno buono
82%
2007 Fabrizio Moro Pensa
76%
2000 Jenny B Semplice sai
68%
1992 Aleandro Baldi e Francesca Alotta Non amarmi
65%
1998 Annalisa Minetti Senza te o con te
65%
1990 Marco Masini Disperato
62%
1997 Paola & Chiara Amici come prima
62%
1994 Andrea Bocelli Il mare calmo della sera
59%
2020 Leo Gassmann Vai bene così
56%
1999 Alex Britti Oggi sono io
53%
2002 Anna Tatangelo Doppiamente fragili
50%
2021 Gaudiano Polvere da sparo
50%
2011 Raphael Gualazzi Follia d'amore
50%
1987 Michele Zarrillo La notte dei pensieri
47%
1995 Neri per Caso Le ragazze
47%
2001 Gazosa Stai con me (Forever)
44%
1989 Mietta Canzoni
41%
1991 Paolo Vallesi Le persone inutili
38%
2008 Sonohra L'amore
38%
2003 Dolcenera Siamo tutti là fuori
35%
2017 Lele Ora mai
32%
2013 Antonio Maggio Mi servirebbe sapere
29%
2010 Tony Maiello Il linguaggio della resa
29%
2015 Giovanni Caccamo Ritornerò da te
26%
1996 Syria Non ci sto
26%
2012 Alessandro Casillo È vero (che ci sei)
24%
2005 Laura Bono Non credo nei miracoli
24%
2006 Riccardo Maffoni Sole negli occhi
24%
1988 Future Canta con noi
21%
1986 Lena Biolcati Grande grande amore
21%
1985 Cinzia Corrado Niente di più
18%
Nessun quiz corrispondente trovato
Distribuzione punteggi
Percentuale di utenti per punteggio
Percentile per numero di risposta
I tuoi punteggi nel tempo
Non hai fatto questo quiz